جامع الترمذي ؛ معه، التقرير الترمذي ;; Jamie altirmidhii ; maeahu, altaqrir altirmidhiu / (Record no. 78801)
[ view plain ]
| 000 -LEADER | |
|---|---|
| fixed length control field | 01210aaa a2200241 a 4500 |
| 001 - CONTROL NUMBER | |
| control field | 78801 |
| 003 - CONTROL NUMBER IDENTIFIER | |
| rucl marc code | BD-RjUL |
| 005 - DATE AND TIME OF LATEST TRANSACTION | |
| control field | 20220111114209.0 |
| 008 - FIXED-LENGTH DATA ELEMENTS--GENERAL INFORMATION | |
| fixed length control field | 211115s1991 ii ||||| |||| 00| 0 ara d |
| 035 ## - SYSTEM CONTROL NUMBER | |
| System control number | (BD-RjUL)79028 |
| 040 ## - CATALOGING SOURCE | |
| Original cataloging agency | BD-RjUL |
| Language of cataloging | eng |
| Transcribing agency | BD-RjUL |
| 041 ## - LANGUAGE CODE | |
| Language code of text/sound track or separate title | ara |
| 082 ## - DEWEY DECIMAL CLASSIFICATION NUMBER | |
| Edition number | 23 |
| Classification number | 297.12543 |
| Author mark and year | TIJ 1991 |
| 100 ## - MAIN ENTRY--PERSONAL NAME | |
| Personal name | Al-Tirmidhi, Muhammad bin Isa bin Surah ;; الترمذي، محمد بن عيسى بن سورة |
| Dates associated with a name | 209-279 هـ.) |
| 9 (RLIN) | 250069 |
| 245 10 - TITLE STATEMENT | |
| Title | جامع الترمذي ؛ معه، التقرير الترمذي ;; Jamie altirmidhii ; maeahu, altaqrir altirmidhiu / |
| Statement of responsibility, etc. | محمد بن عيسى بن سورة، الترمذي،; الدمناتي، علي بن سليمان الدمناتي ;; ،Muhammad bin Issa bin Surah, Al-Tirmidhi,; Al-Dimnati, Ali bin Suleiman Al-Dimnati, |
| 260 ## - PUBLICATION, DISTRIBUTION, ETC. (IMPRINT) | |
| Place of publication, distribution, etc. | دهلي، الهند ;; Dehli, India: |
| Name of publisher, distributor, etc. | كتب خانة رشيدية، ;; katab khanatan rashidiat, |
| Date of publication, distribution, etc. | [196? |
| 300 ## - PHYSICAL DESCRIPTION | |
| Pagination | v. ; |
| Size | 37 cm |
| 505 ## - FORMATTED CONTENTS NOTE | |
| Formatted contents note | Vol.1 .-- |
| 650 ## - SUBJECT ADDED ENTRY--TOPICAL TERM | |
| Topical term or geographic name as entry element | (tirmiji)Hadith |
| 9 (RLIN) | 250070 |
| 700 ## - ADDED ENTRY--PERSONAL NAME | |
| Personal name | الجرجاني، علي بن محمد بن علي، (740-816 هـ.) |
| Personal name | الدمناتي، علي بن سليمان الدمناتي، |
| 942 ## - ADDED ENTRY ELEMENTS (KOHA) | |
| Source of classification or shelving scheme | Dewey Decimal Classification |
| Koha item type | Books |
| Lost status | Source of classification or shelving scheme | Damaged status | Not for loan | Collection code | Permanent Location | Current Location | Shelving location | Date acquired | Source of acquisition | Cost, normal purchase price | Total Checkouts | Full call number | Date last seen | Copy number | Koha item type |
|---|---|---|---|---|---|---|---|---|---|---|---|---|---|---|---|
| Dewey Decimal Classification | Not For Loan | Non-fiction | Central Library, University of Rajshahi | Central Library, University of Rajshahi | Reading Room | 08/05/1982 | maktab al Sawdia | 190.00 | A 297.12543 V-1 TIJ 1991? | 15/11/2021 | C-1 | Books |